Text book of computer addied engineering drawing (Record no. 175156)

000 -LEADER
fixed length control field 00342nam a2200121Ia 4500
008 - FIXED-LENGTH DATA ELEMENTS--GENERAL INFORMATION
fixed length control field 220217s9999||||xx |||||||||||||| ||und||
082 ## - DEWEY DECIMAL CLASSIFICATION NUMBER
Classification number 604.2 GOP
100 ## - MAIN ENTRY--PERSONAL NAME
Personal name Gopalakrishna, K R
245 #0 - TITLE STATEMENT
Title Text book of computer addied engineering drawing
260 ## - PUBLICATION, DISTRIBUTION, ETC.
Place of publication, distribution, etc. Subhas Publications
Name of publisher, distributor, etc. Bangalore
Date of publication, distribution, etc. 207
300 ## - PHYSICAL DESCRIPTION
Other physical details 165
650 ## - SUBJECT ADDED ENTRY--TOPICAL TERM
Topical term or geographic name entry element MECHANICHAL
Holdings
Withdrawn status Lost status Damaged status Not for loan Collection code Home library Current library Shelving location Date acquired Total Checkouts Full call number Barcode Date last seen Date last checked out Price effective from Koha item type
        Mechanical Engineering Central Library Central Library Book Cart 02/18/2022 1 604.2 GOP 10345 07/19/2022 06/04/2022 02/18/2022 Books

Powered by Koha